| 000 | 01411nam a2200385Ia 4500 | ||
|---|---|---|---|
| 001 | dia_6327 | ||
| 003 | CHAP | ||
| 005 | 20250709125124.0 | ||
| 007 | ta | ||
| 008 | 220117s1989 mx bd fr 001 0 spa d | ||
| 010 | _a177807 | ||
| 020 | _a968-6385-00-2 | ||
| 040 |
_cCHAP _amxchpua |
||
| 050 |
_aSH231 _b.G66 1989 |
||
| 082 |
_a338.372972 _bG66 1989 _220 |
||
| 100 | 1 |
_aGonzález Méndez, Héctor E. _9162214 |
|
| 245 | 1 | 0 |
_aEstudio sobre comercialización y distribución de pescados y mariscos en México / _cHéctor E. González Mendez, Armando Contreras León y Alberto Tovar Castro |
| 250 | _a1a edición | ||
| 264 |
_aMéxico : _bBanco de México : _bFondo para el Desarrollo Comercial, _c1989 |
||
| 300 |
_axii, 325 páginas : _bmapas, gráficas, tablas |
||
| 336 |
_2rdacontent _atexto _btxt |
||
| 337 |
_2rdamedia _asin medio _bn |
||
| 338 |
_2rdacarrier _avolumen _bnc |
||
| 504 | _aBibliografía: páginas 324-325 | ||
| 650 |
_aIndustria pesquera _9147385 _zMéxico |
||
| 650 |
_aPescado _xIndustria y comercio _9162216 _zMéxico |
||
| 650 | 0 |
_aFish industry _zMexico _9147383 |
|
| 650 |
_aFish _xIndustry and trade _9162215 _zMexico |
||
| 700 | 1 |
_aContreras León, Armando _9162217 _eautor |
|
| 700 | 1 |
_aTovar Castro, Alberto _9162218 _eautor |
|
| 901 | _a338.372972 G66 1989 | ||
| 905 | _a5232271989 mx bmn 8225223322spa16 | ||
| 942 | _2ddc | ||
| 942 | _cLIBRO | ||
| 999 |
_c177807 _d177807 |
||